[Event "Europa ch 2014"]
[Site "Yerevan ARM"]
[Date "2014.03.05"]
[Round "3.14"]
[White "Minasian, Artashes"]
[Black "Kovalenko, Igor"]
[Result "0-1"]
[WhiteElo "2482"]
[BlackElo "2626"]
[PlyCount "80"]
[EventDate "2014.03.03"]
[EventType "swiss"]
[EventRounds "11"]
[EventCountry "ARM"]
[Source "lmi"]
[SourceDate "2014.03.02"]

1. e4 c6 2. d4 d5 3. e5 Bf5 4. Nc3 e6 5. g4 Bg6 6. Nge2 c5 7. h4 h5 8. Nf4 Bh7
9. g5 cxd4 10. Qxd4 Nc6 11. Bb5 Nge7 12. g6 Nxg6 13. Nxh5 Qd7 14. Bxc6 bxc6 15.
Bg5 c5 16. Qe3 Ne7 17. O-O-O Nf5 18. Qf4 Qc6 19. Rd2 Nd4 20. Ng3 Rb8 21. h5 Rb4
22. Qe3 Nf5 23. Nxf5 Bxf5 24. Qf3 Rd4 25. Rg1 g6 26. hxg6 fxg6 27. Rh1 Rxh1+
28. Qxh1 Qa6 29. a3 Qc4 30. f4 Rxf4 31. Bxf4 Qxf4 32. Nxd5 exd5 33. Qxd5 Bh6
34. Qg8+ Ke7 35. Qh7+ Kf8 36. Qh8+ Kf7 37. Qf6+ Kg8 38. Qd8+ Kh7 39. Qe7+ Bg7
40. e6 Bxe6 0-1

[Event "Europa ch 2014"]
[Site "Yerevan ARM"]
[Date "2014.03.05"]
[Round "3.15"]
[White "Solak, Dragan"]
[Black "Bacrot, Etienne"]
[Result "1/2-1/2"]
[WhiteElo "2610"]
[BlackElo "2739"]
[PlyCount "84"]
[EventDate "2014.03.03"]
[EventType "swiss"]
[EventRounds "11"]
[EventCountry "ARM"]
[Source "lmi"]
[SourceDate "2014.03.02"]

1. e4 e5 2. Nf3 Nc6 3. Bb5 Nf6 4. O-O Nxe4 5. d4 Nd6 6. Bxc6 dxc6 7. dxe5 Nf5
8. Qxd8+ Kxd8 9. h3 Ke8 10. Nc3 h5 11. Bf4 Be7 12. Rad1 Be6 13. Ng5 Rh6 14. g3
Bxg5 15. Bxg5 Rg6 16. h4 f6 17. exf6 gxf6 18. Bf4 Nxh4 19. f3 Rd8 20. Kf2 Rxd1
21. Nxd1 Nf5 22. Rh1 Bxa2 23. Rxh5 Be6 24. Bxc7 Rh6 25. Rxh6 Nxh6 26. g4 Nf7
27. Ke3 Kd7 28. Bb8 a5 29. Nc3 b5 30. Ne4 Ke7 31. Bc7 a4 32. Ba5 Ne5 33. Bc3
Nd7 34. Kd4 c5+ 35. Nxc5 Nxc5 36. Kxc5 Bc4 37. b3 axb3 38. cxb3 Bxb3 39. Bxf6+
Kxf6 40. g5+ Kxg5 41. f4+ Kxf4 42. Kxb5 Ke5 1/2-1/2

[Event "Europa ch 2014"]
[Site "Yerevan ARM"]
[Date "2014.03.05"]
[Round "3.16"]
[White "Eljanov, Pavel"]
[Black "Volkov, Sergey"]
[Result "1-0"]
[WhiteElo "2723"]
[BlackElo "2610"]
[PlyCount "109"]
[EventDate "2014.03.03"]
[EventType "swiss"]
[EventRounds "11"]
[EventCountry "ARM"]
[Source "lmi"]
[SourceDate "2014.03.02"]

1. d4 d5 2. c4 c6 3. Nf3 Nf6 4. Nc3 a6 5. e3 b5 6. c5 g6 7. Ne5 Bg7 8. Be2 a5
9. O-O O-O 10. f4 Be6 11. Bf3 Qc7 12. a3 Nbd7 13. Nd3 Qb7 14. Bd2 Bf5 15. Nf2
b4 16. axb4 axb4 17. Na2 b3 18. Nb4 Rxa1 19. Qxa1 Ra8 20. Qc1 Ne4 21. Nxe4 dxe4
22. Bd1 Be6 23. d5 Bxd5 24. Nxd5 cxd5 25. c6 Qc7 26. cxd7 Qxd7 27. Bxb3 Rb8 28.
Qc2 Qb7 29. Ba4 Qxb2 30. Rc1 Qa3 31. Qc6 d4 32. Qc7 Rf8 33. Qa7 h5 34. h3 h4
35. Kh2 e5 36. fxe5 Bxe5+ 37. Kh1 Qa2 38. Qa5 Bb8 39. Bb4 Qf2 40. Qg5 Qb2 41.
Qc5 Bd6 42. Qxd6 Qxc1+ 43. Kh2 Rc8 44. Qxd4 Qc4 45. Qd6 Qc7 46. Kg1 Qc1+ 47.
Kf2 Ra8 48. Bb5 Kh7 49. Qd5 Qc2+ 50. Be2 Ra7 51. Bc5 Rc7 52. Bd4 f6 53. Bxf6
Qc5 54. Qxe4 Qf8 55. Qxh4+ 1-0

[Event "Europa ch 2014"]
[Site "Yerevan ARM"]
[Date "2014.03.05"]
[Round "3.18"]
[White "Fridman, Daniel"]
[Black "Malakhov, Vladimir"]
[Result "1/2-1/2"]
[WhiteElo "2604"]
[BlackElo "2717"]
[PlyCount "60"]
[EventDate "2014.03.03"]
[EventType "swiss"]
[EventRounds "11"]
[EventCountry "ARM"]
[Source "lmi"]
[SourceDate "2014.03.02"]

1. d4 d5 2. c4 c6 3. Nc3 Nf6 4. Nf3 a6 5. e3 Bf5 6. Bd3 Bg6 7. Ne5 Bxd3 8. Qxd3
e6 9. O-O Nbd7 10. Nxd7 Qxd7 11. b3 Be7 12. Rd1 O-O 13. e4 Nxe4 14. Nxe4 dxe4
15. Qxe4 Bf6 16. Bf4 Rad8 17. Rd3 Qe7 18. Rad1 Rd7 19. Be5 Bxe5 20. dxe5 Rfd8
21. g3 g6 22. Kg2 a5 23. h4 h5 24. R1d2 Rxd3 25. Rxd3 Rxd3 26. Qxd3 Qa3 27.
Qd8+ Kg7 28. Qf6+ Kg8 29. Qd8+ Kg7 30. Qf6+ Kg8 1/2-1/2

[Event "Europa ch 2014"]
[Site "Yerevan ARM"]
[Date "2014.03.05"]
[Round "3.19"]
[White "Jobava, Baadur"]
[Black "Roiz, Michael"]
[Result "1-0"]
[WhiteElo "2716"]
[BlackElo "2591"]
[PlyCount "113"]
[EventDate "2014.03.03"]
[EventType "swiss"]
[EventRounds "11"]
[EventCountry "ARM"]
[Source "lmi"]
[SourceDate "2014.03.02"]

1. e4 e5 2. Nf3 Nc6 3. Bc4 Bc5 4. c3 Nf6 5. b4 Bb6 6. d3 d6 7. a4 a6 8. Nbd2
O-O 9. O-O Ne7 10. Bb3 Ng6 11. Nc4 Ba7 12. Be3 h6 13. Bxa7 Rxa7 14. Ne3 Ra8 15.
g3 c6 16. Re1 Re8 17. a5 Be6 18. Bxe6 Rxe6 19. Nd2 Rc8 20. Qb1 Rc7 21. Ra2 Re8
22. Kg2 d5 23. c4 Nf8 24. Nf3 Rd7 25. Nf5 dxe4 26. dxe4 Re6 27. c5 Ne8 28. Ree2
Nc7 29. Rad2 Nb5 30. Rxd7 Qxd7 31. Rd2 Qc7 32. h4 Re8 33. Qa1 Nd7 34. Rd3 Nf6
35. Nd2 g6 36. Nd6 Nxd6 37. Rxd6 Qe7 38. Qc3 Rd8 39. Nc4 Nxe4 40. Rxd8+ Qxd8
41. Qxe5 Nf6 42. Nd6 Kf8 43. Qf4 h5 44. Qh6+ Kg8 45. Qh8+ Kxh8 46. Nxf7+ Kg7
47. Nxd8 Nd5 48. Kf3 Nxb4 49. Ke4 Kf6 50. Nxb7 Ke7 51. Nd6 Ke6 52. Nc4 Nd5 53.
Kd4 Nc7 54. Na3 Kf5 55. Nc2 Nb5+ 56. Ke3 Ke5 57. Nb4 1-0

[Event "Europa ch 2014"]
[Site "Yerevan ARM"]
[Date "2014.03.05"]
[Round "3.20"]
[White "Wojtaszek, Radoslaw"]
[Black "Iordachescu, Viorel"]
[Result "1-0"]
[WhiteElo "2713"]
[BlackElo "2583"]
[PlyCount "45"]
[EventDate "2014.03.03"]
[EventType "swiss"]
[EventRounds "11"]
[EventCountry "ARM"]
[Source "lmi"]
[SourceDate "2014.03.02"]

1. d4 Nf6 2. c4 e6 3. Nf3 b6 4. g3 Ba6 5. Qa4 Bb7 6. Bg2 c5 7. dxc5 Bxc5 8. O-O
O-O 9. Nc3 Ne4 10. Qc2 Nxc3 11. Qxc3 Be4 12. Be3 Qc7 13. Rfd1 Rc8 14. Bxc5 Qxc5
15. Ne5 Bxg2 16. Kxg2 f6 17. Qf3 Nc6 18. Nxc6 dxc6 19. Rd7 Rd8 20. Rad1 Rxd7
21. Rxd7 Re8 22. Qg4 g6 23. Qf4 1-0

[Event "Europa ch 2014"]
[Site "Yerevan ARM"]
[Date "2014.03.05"]
[Round "3.21"]
[White "Onischuk, Vladimir"]
[Black "Moiseenko, Alexander"]
[Result "1-0"]
[WhiteElo "2583"]
[BlackElo "2712"]
[PlyCount "81"]
[EventDate "2014.03.03"]
[EventType "swiss"]
[EventRounds "11"]
[EventCountry "ARM"]
[Source "lmi"]
[SourceDate "2014.03.02"]

1. e4 c5 2. Nf3 Nc6 3. Bb5 e6 4. Bxc6 bxc6 5. d3 Ne7 6. Qe2 d5 7. b3 f6 8. e5
Ng6 9. Bb2 Be7 10. Nbd2 Qa5 11. g3 O-O 12. O-O Bd7 13. h4 f5 14. Kg2 Nh8 15.
Ng5 f4 16. Ndf3 Bxg5 17. Nxg5 h6 18. Nf3 fxg3 19. fxg3 Be8 20. Qd2 Qa6 21. Qc3
c4 22. bxc4 Bh5 23. Nd2 Ng6 24. Ba3 Rf5 25. Bd6 Rc8 26. Nb3 Qb7 27. Rxf5 exf5
28. Nc5 Qf7 29. e6 Nxh4+ 30. gxh4 Qg6+ 31. Kh2 Qg4 32. Qe1 Rd8 33. Bc7 Rc8 34.
Be5 Qf3 35. Qg3 Qe2+ 36. Kg1 Bg4 37. Re1 Qd2 38. Qf2 Qa5 39. Rb1 Kh7 40. Rb7
Rg8 41. e7 1-0

[Event "Europa ch 2014"]
[Site "Yerevan ARM"]
[Date "2014.03.05"]
[Round "3.23"]
[White "Shomoev, Anton"]
[Black "Areshchenko, Alexander"]
[Result "1/2-1/2"]
[WhiteElo "2581"]
[BlackElo "2705"]
[PlyCount "67"]
[EventDate "2014.03.03"]
[EventType "swiss"]
[EventRounds "11"]
[EventCountry "ARM"]
[Source "lmi"]
[SourceDate "2014.03.02"]

1. d4 Nf6 2. c4 g6 3. Nc3 d5 4. cxd5 Nxd5 5. e4 Nxc3 6. bxc3 Bg7 7. Be3 c5 8.
Rc1 Qa5 9. Qd2 cxd4 10. cxd4 Qxd2+ 11. Bxd2 O-O 12. Nf3 e6 13. Bb5 Bd7 14. Bxd7
Nxd7 15. Ke2 Rac8 16. a4 h6 17. Rxc8 Rxc8 18. Rb1 b6 19. Kd3 e5 20. Nxe5 Bxe5
21. dxe5 Nxe5+ 22. Kd4 Rd8+ 23. Kc3 Rc8+ 24. Kb3 Nd3 25. Be3 Nc5+ 26. Bxc5 Rxc5
27. Rd1 a5 28. f3 b5 29. axb5 Rxb5+ 30. Kc3 Rc5+ 31. Kd3 Rb5 32. Kc3 Rc5+ 33.
Kd3 Rb5 34. Kc3 1/2-1/2

[Event "Europa ch 2014"]
[Site "Yerevan ARM"]
[Date "2014.03.05"]
[Round "3.24"]
[White "Bok, Benjamin"]
[Black "Matlakov, Maxim"]
[Result "0-1"]
[WhiteElo "2575"]
[BlackElo "2695"]
[PlyCount "108"]
[EventDate "2014.03.03"]
[EventType "swiss"]
[EventRounds "11"]
[EventCountry "ARM"]
[Source "lmi"]
[SourceDate "2014.03.02"]

1. e4 e5 2. Nf3 Nc6 3. Bb5 Nf6 4. d3 Bc5 5. c3 O-O 6. O-O Re8 7. Nbd2 a6 8.
Bxc6 dxc6 9. Nc4 Bg4 10. h3 Bh5 11. Bg5 h6 12. Bh4 g5 13. Bg3 Nd7 14. Bh2 b5
15. Ne3 Bxe3 16. fxe3 Qe7 17. Qc2 Bg6 18. a4 c5 19. b4 c4 20. dxc4 bxc4 21. Nd2
Qe6 22. Qa2 f6 23. Qxc4 Qxc4 24. Nxc4 Bxe4 25. Nd2 Bd3 26. Rf3 Bg6 27. e4 c5
28. Rd1 Red8 29. Rf2 Kg7 30. Nb3 Bf7 31. Rfd2 Bxb3 32. Rxd7+ Rxd7 33. Rxd7+ Kg6
34. Rd6 Kf7 35. bxc5 Bxa4 36. Kf2 a5 37. Ke3 Rc8 38. Rd5 Bc6 39. Rd1 a4 40. Rb1
a3 41. Ra1 Ra8 42. Kd3 a2 43. g3 Bb5+ 44. Kc2 Bc4 45. c6 Ke6 46. Bg1 Kd6 47.
Rd1+ Kxc6 48. Kb2 Ra4 49. h4 gxh4 50. gxh4 Bf7 51. Rf1 Kd7 52. Be3 h5 53. Ka1
Rxe4 54. Rxf6 Bc4 0-1

[Event "Europa ch 2014"]
[Site "Yerevan ARM"]
[Date "2014.03.05"]
[Round "3.26"]
[White "Grigoriants, Sergey"]
[Black "Alekseev, Evgeny"]
[Result "0-1"]
[WhiteElo "2574"]
[BlackElo "2692"]
[PlyCount "55"]
[EventDate "2014.03.03"]
[EventType "swiss"]
[EventRounds "11"]
[EventCountry "ARM"]
[Source "lmi"]
[SourceDate "2014.03.02"]

1. Nf3 c5 2. e4 e6 3. d4 cxd4 4. Nxd4 Nc6 5. Nc3 a6 6. Bf4 d6 7. Bg3 e5 8. Nxc6
bxc6 9. Bc4 Nf6 10. Qd3 Be7 11. O-O-O O-O 12. Bh4 Ne8 13. Bxe7 Qxe7 14. Qe3 Be6
15. Bb3 Nc7 16. f4 f6 17. Qb6 Bxb3 18. axb3 Qd7 19. fxe5 fxe5 20. Na4 Nb5 21.
Qe3 Qg4 22. Rd2 Rf4 23. Re1 Raf8 24. Qd3 Kh8 25. h3 Qg6 26. Kb1 h6 27. Nc3 Nd4
28. Ne2 0-1

[Event "Europa ch 2014"]
[Site "Yerevan ARM"]
[Date "2014.03.05"]
[Round "3.28"]
[White "Akopian, Vladimir"]
[Black "Ter-Sahakyan, Samvel"]
[Result "1/2-1/2"]
[WhiteElo "2682"]
[BlackElo "2572"]
[PlyCount "129"]
[EventDate "2014.03.03"]
[EventType "swiss"]
[EventRounds "11"]
[EventCountry "ARM"]
[Source "lmi"]
[SourceDate "2014.03.02"]

1. e4 c5 2. Nf3 Nc6 3. d4 cxd4 4. Nxd4 Nf6 5. Nc3 e6 6. Ndb5 Bb4 7. a3 Bxc3+ 8.
Nxc3 d5 9. exd5 exd5 10. Bd3 d4 11. Ne2 Bf5 12. O-O Bxd3 13. Qxd3 O-O 14. Bg5
h6 15. Bh4 g5 16. Bg3 Qd5 17. b4 b5 18. c3 dxc3 19. Qxc3 Ne4 20. Qc2 Rac8 21.
Rfd1 Qf5 22. Qb2 Rfd8 23. f3 Nxg3 24. Nxg3 Qe5 25. Qxe5 Nxe5 26. Nf5 Kh7 27.
Nd6 Rb8 28. Rd4 Nc6 29. Rd5 Rb6 30. Rad1 Ne7 31. R5d3 Kg8 32. g4 Kf8 33. Kf2
Ra8 34. Kg3 a5 35. h4 axb4 36. axb4 gxh4+ 37. Kxh4 Ra4 38. Rd4 Ra2 39. Kg3 Raa6
40. Ne4 Ra7 41. Rd8+ Kg7 42. Nd6 Rba6 43. Re1 Rb6 44. Re4 h5 45. Rf4 Ng6 46.
Ne8+ Kh6 47. Rf5 hxg4 48. Kxg4 Ne7 49. Rh5+ Kg6 50. Rg5+ Kh7 51. Nd6 Ra4 52.
Rh5+ Kg6 53. Rg5+ Kh7 54. Rh5+ Kg6 55. Rdh8 Rxb4+ 56. f4 f5+ 57. Kg3 Rb3+ 58.
Kh4 Rxd6 59. R8h6+ Kg7 60. Rxd6 Rf3 61. Rd4 Kf6 62. Rd6+ Kg7 63. Rd4 Kf6 64.
Rd6+ Kg7 65. Rd4 1/2-1/2

[Event "Europa ch 2014"]
[Site "Yerevan ARM"]
[Date "2014.03.05"]
[Round "3.29"]
[White "Laznicka, Viktor"]
[Black "Esen, Baris"]
[Result "1-0"]
[WhiteElo "2681"]
[BlackElo "2563"]
[PlyCount "91"]
[EventDate "2014.03.03"]
[EventType "swiss"]
[EventRounds "11"]
[EventCountry "ARM"]
[Source "lmi"]
[SourceDate "2014.03.02"]

1. e4 c5 2. Nf3 d6 3. c3 Nf6 4. Be2 Nbd7 5. Qc2 Qc7 6. O-O g6 7. d4 cxd4 8.
Nxd4 Bg7 9. c4 O-O 10. Nc3 a6 11. Rd1 e6 12. Bg5 b6 13. Qd2 Bb7 14. Nb3 Nxe4
15. Nxe4 Bxe4 16. Be7 Rfe8 17. Bxd6 Qb7 18. Bf1 Rad8 19. Qe2 Bc6 20. Nd4 Nc5
21. Be5 a5 22. b3 f6 23. Nxc6 Qxc6 24. Bc3 f5 25. Bxg7 Kxg7 26. a3 a4 27. b4
Nb3 28. Rxd8 Rxd8 29. Rd1 Rxd1 30. Qxd1 Qc7 31. g3 Kf6 32. Qd3 Ke7 33. Qe3 Kf7
34. h4 Kf6 35. Qh6 Qf7 36. Qg5+ Kg7 37. Qd8 f4 38. Qxb6 fxg3 39. fxg3 Qf3 40.
Qc7+ Kg8 41. Qb8+ Kf7 42. Qf4+ Qxf4 43. gxf4 Nd4 44. Kf2 Nf5 45. b5 Ke7 46. b6
1-0

[Event "Europa ch 2014"]
[Site "Yerevan ARM"]
[Date "2014.03.05"]
[Round "3.31"]
[White "Sargissian, Gabriel"]
[Black "Gabrielian, Artur"]
[Result "1-0"]
[WhiteElo "2676"]
[BlackElo "2560"]
[PlyCount "159"]
[EventDate "2014.03.03"]
[EventType "swiss"]
[EventRounds "11"]
[EventCountry "ARM"]
[Source "lmi"]
[SourceDate "2014.03.02"]

1. Nf3 Nf6 2. c4 g6 3. Nc3 d5 4. cxd5 Nxd5 5. e4 Nxc3 6. bxc3 Bg7 7. Be2 O-O 8.
d4 c5 9. O-O b6 10. Bf4 Bb7 11. Qc2 cxd4 12. cxd4 Qc8 13. Qd3 Ba6 14. Qe3 Bxe2
15. Qxe2 Qa6 16. Qxa6 Nxa6 17. Rab1 Rfd8 18. Be3 Rac8 19. Rfc1 e6 20. Kf1 f6
21. Ke2 Bf8 22. Bd2 Nb8 23. g4 Ba3 24. Rc3 Rxc3 25. Bxc3 Rc8 26. Kd3 Nd7 27.
Bb4 Bxb4 28. Rxb4 Kf7 29. Rc4 Rxc4 30. Kxc4 a6 31. Ne1 e5 32. d5 Nc5 33. f3 f5
34. gxf5 gxf5 35. exf5 Nb7 36. Nc2 Nd6+ 37. Kd3 Nxf5 38. Nb4 a5 39. Nc6 Kf6 40.
Nb8 Nd4 41. Ke4 Nb5 42. Nd7+ Ke7 43. Nxb6 Nc3+ 44. Kxe5 Nxa2 45. d6+ Kf7 46.
Nd5 Ke8 47. f4 Nb4 48. Nb6 Nd3+ 49. Ke4 Nc5+ 50. Kd5 a4 51. Kxc5 a3 52. Kc6 Kd8
53. Na4 a2 54. Nc5 a1=Q 55. Nb7+ Ke8 56. d7+ Kf7 57. d8=Q Qa4+ 58. Kc7 Qc4+ 59.
Kb6 Qxf4 60. Nd6+ Kg7 61. Qc7+ Kg6 62. Qc2+ Kg5 63. Kc5 h5 64. Ne4+ Kg6 65.
Qg2+ Kh7 66. Kd4 Qc1 67. Ng5+ Kh6 68. Nf7+ Kh7 69. Ng5+ Kh6 70. Nf3 Qa1+ 71.
Ke3 Qa7+ 72. Ke2 Qa6+ 73. Kf2 Qa7+ 74. Kf1 Qa1+ 75. Ne1 Qa6+ 76. Qe2 Qb6 77.
Nf3 Qb3 78. Kf2 Qb1 79. Qe3+ Kh7 80. Qe4+ 1-0

[Event "Europa ch 2014"]
[Site "Yerevan ARM"]
[Date "2014.03.05"]
[Round "3.32"]
[White "Anton Guijarro, David"]
[Black "Zhigalko, Sergei"]
[Result "0-1"]
[WhiteElo "2559"]
[BlackElo "2671"]
[PlyCount "90"]
[EventDate "2014.03.03"]
[EventType "swiss"]
[EventRounds "11"]
[EventCountry "ARM"]
[Source "lmi"]
[SourceDate "2014.03.02"]

1. Nf3 Nf6 2. g3 g6 3. Bg2 Bg7 4. c4 c6 5. O-O O-O 6. d4 d5 7. cxd5 cxd5 8. Nc3
Nc6 9. Ne5 Bf5 10. Nxc6 bxc6 11. Bf4 Nd7 12. Na4 e5 13. dxe5 Nxe5 14. Rc1 Rc8
15. b3 Re8 16. Qd2 h5 17. h3 Nd7 18. Be3 a6 19. Rfe1 Kh7 20. Bg5 Nf6 21. Qb4
Rb8 22. Qh4 Bd7 23. Nc5 Bc8 24. a3 Ra8 25. e4 Qd6 26. Red1 Ra7 27. g4 Kg8 28.
f4 Nh7 29. e5 Qf8 30. gxh5 gxh5 31. Nd3 Qxa3 32. Rxc6 Qxb3 33. Nf2 Bf5 34. Bh6
Qa4 35. Rdc1 Bxh6 36. Rxh6 Bg6 37. Bxd5 Kg7 38. Bc6 Qa3 39. Rd1 Re6 40. Bd5
Kxh6 41. f5 Bxf5 42. Qf4+ Kg7 43. Qxf5 Qg3+ 44. Kh1 Rxe5 45. Qc2 Rae7 0-1

[Event "Europa ch 2014"]
[Site "Yerevan ARM"]
[Date "2014.03.05"]
[Round "3.33"]
[White "Bartel, Mateusz"]
[Black "Aleksandrov, Aleksej"]
[Result "1/2-1/2"]
[WhiteElo "2662"]
[BlackElo "2544"]
[PlyCount "62"]
[EventDate "2014.03.03"]
[EventType "swiss"]
[EventRounds "11"]
[EventCountry "ARM"]
[Source "lmi"]
[SourceDate "2014.03.02"]

1. e4 e5 2. Nf3 Nc6 3. Bb5 Nf6 4. d3 d6 5. O-O Bd7 6. c3 Be7 7. Re1 O-O 8. h3
Re8 9. a4 h6 10. a5 a6 11. Bc4 Qc8 12. d4 Bf8 13. Nbd2 exd4 14. cxd4 d5 15.
exd5 Rxe1+ 16. Nxe1 Nb4 17. Qb3 Bb5 18. d6 Qe8 19. Bxb5 axb5 20. Ndf3 Bxd6 21.
Bd2 Nbd5 22. Nd3 c6 23. Re1 Qc8 24. Nde5 Bc7 25. Qa3 b4 26. Qd3 Bxa5 27. Nh4
Qf8 28. Qg3 Kh7 29. Qd3+ Kg8 30. Qg3 Kh7 31. Qd3+ Kg8 1/2-1/2

[Event "Europa ch 2014"]
[Site "Yerevan ARM"]
[Date "2014.03.05"]
[Round "3.34"]
[White "Khairullin, Ildar"]
[Black "Gabuzyan, Hovhannes"]
[Result "1/2-1/2"]
[WhiteElo "2657"]
[BlackElo "2537"]
[PlyCount "73"]
[EventDate "2014.03.03"]
[EventType "swiss"]
[EventRounds "11"]
[EventCountry "ARM"]
[Source "lmi"]
[SourceDate "2014.03.02"]

1. d4 d5 2. c4 c6 3. Nc3 Nf6 4. e3 e6 5. Nf3 Nbd7 6. Qc2 Bd6 7. Be2 O-O 8. O-O
dxc4 9. Bxc4 a6 10. e4 e5 11. Rd1 Qc7 12. h3 b5 13. Bb3 Bb7 14. dxe5 Nxe5 15.
Nd4 Ng6 16. Bg5 Be5 17. Bxf6 gxf6 18. Nf5 Ne7 19. Nh6+ Kg7 20. Ng4 Rad8 21. a4
h5 22. Nxe5 Qxe5 23. axb5 cxb5 24. Nd5 Nxd5 25. Bxd5 Bxd5 26. exd5 Rxd5 27.
Rxd5 Qxd5 28. Rxa6 Rd8 29. Qc3 Qe5 30. Qxe5 fxe5 31. Rb6 Rd1+ 32. Kh2 Rd5 33.
Kg1 Rd1+ 34. Kh2 Rd5 35. Kg1 Rd1+ 36. Kh2 Rd5 37. Kg1 1/2-1/2

[Event "Europa ch 2014"]
[Site "Yerevan ARM"]
[Date "2014.03.05"]
[Round "3.36"]
[White "Sjugirov, Sanan"]
[Black "Prizant, Jaroslav"]
[Result "1-0"]
[WhiteElo "2653"]
[BlackElo "2534"]
[PlyCount "39"]
[EventDate "2014.03.03"]
[EventType "swiss"]
[EventRounds "11"]
[EventCountry "ARM"]
[Source "lmi"]
[SourceDate "2014.03.02"]

1. Nf3 Nf6 2. c4 g6 3. Nc3 Bg7 4. e4 d6 5. d4 O-O 6. Be2 e5 7. O-O exd4 8. Nxd4
Re8 9. f3 c6 10. Kh1 Nh5 11. g4 Nf6 12. Bf4 h5 13. Nf5 gxf5 14. gxf5 Bf8 15.
Rg1+ Kh7 16. Qe1 Bh6 17. Bxh6 Kxh6 18. Qh4 Nfd7 19. Qg3 Qf6 20. Rad1 1-0

[Event "Europa ch 2014"]
[Site "Yerevan ARM"]
[Date "2014.03.05"]
[Round "3.37"]
[White "Stukopin, Andrey"]
[Black "Zvjaginsev, Vadim"]
[Result "1/2-1/2"]
[WhiteElo "2544"]
[BlackElo "2653"]
[PlyCount "112"]
[EventDate "2014.03.03"]
[EventType "swiss"]
[EventRounds "11"]
[EventCountry "ARM"]
[Source "lmi"]
[SourceDate "2014.03.02"]

1. e4 e6 2. d4 d5 3. Nc3 Nf6 4. Bg5 Be7 5. e5 Nfd7 6. Bxe7 Qxe7 7. Nb5 Qd8 8.
c3 a6 9. Na3 c5 10. f4 cxd4 11. cxd4 Qa5+ 12. Qd2 Qxd2+ 13. Kxd2 Nc6 14. Nf3
Nb6 15. Be2 Bd7 16. Rhc1 Ke7 17. Nc2 f6 18. Ne3 fxe5 19. dxe5 Rhf8 20. g3 Be8
21. b3 h6 22. h4 Bg6 23. Nc2 Rfc8 24. Ncd4 Bh5 25. Bf1 Bg4 26. a3 Nd7 27. b4
Bxf3 28. Nxf3 Nb6 29. Rc2 Rd8 30. Ke1 d4 31. Rd1 Rd7 32. Rcd2 Rad8 33. b5 axb5
34. Bxb5 Kf7 35. Bxc6 bxc6 36. Nxd4 Ra7 37. Nxc6 Rxd2 38. Nxa7 Rg2 39. Rd3 g5
40. hxg5 hxg5 41. Nc6 gxf4 42. gxf4 Ra2 43. Nd4 Nd5 44. Rf3 Ke7 45. Kd1 Kd7 46.
Nc2 Rb2 47. Kc1 Rb8 48. Nd4 Ra8 49. Kd2 Ra4 50. Ne2 Kc6 51. Kc2 Re4 52. Kd3 Ra4
53. Nd4+ Kd7 54. Ke4 Ne7 55. Rb3 Nc6 56. Rd3 Ke7 1/2-1/2

[Event "Europa ch 2014"]
[Site "Yerevan ARM"]
[Date "2014.03.05"]
[Round "3.38"]
[White "Paichadze, Luka"]
[Black "Balogh, Csaba"]
[Result "1/2-1/2"]
[WhiteElo "2529"]
[BlackElo "2651"]
[PlyCount "34"]
[EventDate "2014.03.03"]
[EventType "swiss"]
[EventRounds "11"]
[EventCountry "ARM"]
[Source "lmi"]
[SourceDate "2014.03.02"]

1. e4 e5 2. Nf3 Nc6 3. Bb5 Nf6 4. O-O Nxe4 5. Re1 Nd6 6. Nxe5 Be7 7. Bf1 Nxe5
8. Rxe5 O-O 9. d4 Bf6 10. Re1 Nf5 11. c3 d5 12. Bf4 c6 13. Bd3 Nh4 14. Bg3 Nf5
15. Bf4 Nh4 16. Bg3 Nf5 17. Bf4 Nh4 1/2-1/2

[Event "Europa ch 2014"]
[Site "Yerevan ARM"]
[Date "2014.03.05"]
[Round "3.39"]
[White "Popov, Ivan RUS"]
[Black "Oral, Tomas"]
[Result "1-0"]
[WhiteElo "2650"]
[BlackElo "2528"]
[PlyCount "91"]
[EventDate "2014.03.03"]
[EventType "swiss"]
[EventRounds "11"]
[EventCountry "ARM"]
[Source "lmi"]
[SourceDate "2014.03.02"]

1. e4 c5 2. Nf3 Nc6 3. d4 cxd4 4. Nxd4 Qc7 5. Nc3 e6 6. Be3 a6 7. Qd2 Nf6 8. f4
Bb4 9. Bd3 Na5 10. a3 Bxc3 11. Qxc3 Qxc3+ 12. bxc3 d5 13. e5 Ne4 14. Nb3 Nc4
15. Bxc4 dxc4 16. Na5 Bd7 17. Bd4 Rc8 18. Nxb7 Bc6 19. Na5 Bd5 20. Rb1 O-O 21.
Ke2 Nc5 22. Kf2 Ne4+ 23. Ke3 Nc5 24. Rhg1 Nd7 25. Rb4 Nb8 26. Rb6 Nd7 27. Rd6
Nb8 28. g4 Nc6 29. Nxc6 Rxc6 30. Rb1 Ra8 31. f5 h6 32. Rd7 Rcc8 33. Rb6 Rcb8
34. Rbd6 Rb1 35. h4 Rg1 36. Rxd5 exd5 37. e6 f6 38. Kf3 Rf1+ 39. Kg2 Rc1 40. g5
hxg5 41. hxg5 Rxc2+ 42. Kf3 Rd2 43. g6 Rd3+ 44. Kf4 Rxd4+ 45. cxd4 Kf8 46. Rxd5
1-0

[Event "Europa ch 2014"]
[Site "Yerevan ARM"]
[Date "2014.03.05"]
[Round "3.40"]
[White "Hammer, Jon Ludvig"]
[Black "Oparin, Grigoriy"]
[Result "1/2-1/2"]
[WhiteElo "2647"]
[BlackElo "2526"]
[PlyCount "171"]
[EventDate "2014.03.03"]
[EventType "swiss"]
[EventRounds "11"]
[EventCountry "ARM"]
[Source "lmi"]
[SourceDate "2014.03.02"]

1. Nf3 d5 2. g3 Nf6 3. Bg2 c6 4. O-O Bg4 5. c4 e6 6. d3 Bd6 7. Qb3 Qb6 8. Be3
Qxb3 9. axb3 a6 10. Nbd2 Nbd7 11. h3 Bh5 12. g4 Bg6 13. Nh4 e5 14. d4 exd4 15.
Bxd4 Bb4 16. Bc3 Bxc3 17. bxc3 O-O-O 18. f4 Ne4 19. Nxe4 Bxe4 20. cxd5 Bxd5 21.
Bxd5 cxd5 22. Nf5 Nc5 23. b4 Ne6 24. Ra5 Rhe8 25. b5 axb5 26. Rxb5 g6 27. Nh6
Rd7 28. f5 Nc7 29. Rb2 b5 30. Rd1 f6 31. Kf2 Rd6 32. Rd4 Rc6 33. Rc2 Kd7 34.
Kf3 g5 35. h4 gxh4 36. Kf4 h3 37. e3 h2 38. Rxh2 Rxc3 39. g5 fxg5+ 40. Kxg5
Rexe3 41. Ng4 Rg3 42. Rxh7+ Kd6 43. Rf4 Rc4 44. Rh6+ Kc5 45. Rh7 Kd6 46. Rh6+
Kc5 47. Rh7 Ne8 48. Re7 Nd6 49. f6 b4 50. f7 Nxf7+ 51. Rexf7 b3 52. Rb7 Kc6 53.
Rb8 Kc5 54. Kf5 Rxf4+ 55. Kxf4 Rc3 56. Ne5 d4 57. Nf3 Rd3 58. Rb7 Kd5 59. Ne5
Re3 60. Rb5+ Kd6 61. Nc4+ Kc6 62. Rb8 Rc3 63. Na5+ Kd5 64. Nxb3 Kc4 65. Nd2+
Kd3 66. Nf3 Ra3 67. Ne5+ Kc2 68. Rc8+ Rc3 69. Ra8 d3 70. Nf3 Rc7 71. Ra2+ Kb3
72. Ra6 Kc2 73. Nd4+ Kd2 74. Ra2+ Kc3 75. Nb5+ Kb3 76. Rd2 Rc2 77. Rd1 Kc4 78.
Na3+ Kb3 79. Nb5 Kc4 80. Nd6+ Kd4 81. Nf5+ Kc3 82. Ne3 d2 83. Ra1 Rc1 84. Ra3+
Kd4 85. Ra8 Kd3 86. Rd8+ 1/2-1/2

[Event "Europa ch 2014"]
[Site "Yerevan ARM"]
[Date "2014.03.05"]
[Round "3.41"]
[White "Popilski, Gil"]
[Black "Postny, Evgeny"]
[Result "1-0"]
[WhiteElo "2503"]
[BlackElo "2635"]
[PlyCount "75"]
[EventDate "2014.03.03"]
[EventType "swiss"]
[EventRounds "11"]
[EventCountry "ARM"]
[Source "lmi"]
[SourceDate "2014.03.02"]

1. d4 Nf6 2. c4 e6 3. Nf3 b6 4. g3 Bb4+ 5. Bd2 Bxd2+ 6. Qxd2 Ba6 7. b3 c6 8.
Bg2 d5 9. O-O Nbd7 10. Rd1 O-O 11. Ne5 Nxe5 12. dxe5 Nd7 13. e4 Nxe5 14. exd5
cxd5 15. cxd5 Qf6 16. f4 Nd3 17. Qc3 e5 18. Nd2 Rfc8 19. Nc4 b5 20. Qxd3 bxc4
21. bxc4 Rxc4 22. d6 Rd8 23. Qa3 Bc8 24. Qxa7 exf4 25. Qe7 fxg3 26. hxg3 Bg4
27. Rf1 Qd4+ 28. Kh2 Rf8 29. Rae1 h5 30. Rf4 Qc3 31. Re3 Qb4 32. a3 Qa4 33.
Rxg4 hxg4 34. d7 Rcc8 35. dxc8=Q Rxc8 36. Re4 Qd1 37. Qg5 Qc2 38. Qxg4 1-0